The star spangled contract / (Record no. 523627)

000 -LEADER
fixed length control field 00736cam a2200253 i 4500
001 - CONTROL NUMBER
control field 801671
003 - CONTROL NUMBER IDENTIFIER
control field NUST
005 - DATE AND TIME OF LATEST TRANSACTION
control field 20190516075626.0
008 - FIXED-LENGTH DATA ELEMENTS--GENERAL INFORMATION
fixed length control field 760106s1976 nyu 000 1 eng
010 ## - LIBRARY OF CONGRESS CONTROL NUMBER
LC control number 75046575
020 ## - INTERNATIONAL STANDARD BOOK NUMBER
International Standard Book Number 0070228906
038 ## - RECORD CONTENT LICENSOR
Staff Name 0
040 ## - CATALOGING SOURCE
Original cataloging agency DLC
Transcribing agency DLC
Modifying agency DLC
-- OCoLC
-- DLC
050 00 - LIBRARY OF CONGRESS CALL NUMBER
Classification number PZ4.G2422
Item number St
Classification number PS3557.A735
082 00 - DEWEY DECIMAL CLASSIFICATION NUMBER
Classification number 813/.5/4
100 1# - MAIN ENTRY--PERSONAL NAME
Personal name Garrison, Jim,
Dates associated with a name 1921-1992.
9 (RLIN) 14374
245 14 - TITLE STATEMENT
Title The star spangled contract /
Statement of responsibility, etc. by Jim Garrison.
260 ## - PUBLICATION, DISTRIBUTION, ETC.
Place of publication, distribution, etc. New York :
Name of publisher, distributor, etc. McGraw-Hill,
Date of publication, distribution, etc. c1976.
300 ## - PHYSICAL DESCRIPTION
Extent 372 p. ;
Dimensions 24 cm.
650 #0 - SUBJECT ADDED ENTRY--TOPICAL TERM
Topical term or geographic name entry element Presidents
General subdivision Assassination
-- Fiction.
9 (RLIN) 14375
655 #7 - INDEX TERM--GENRE/FORM
Genre/form data or focus term Spy stories.
Source of term gsafd
9 (RLIN) 8087
906 ## - LOCAL DATA ELEMENT F, LDF (RLIN)
a 7
b cbc
c orignew
d 1
e ocip
f 19
g y-gencatlg
942 ## - ADDED ENTRY ELEMENTS (KOHA)
Source of classification or shelving scheme
Koha item type Book
Holdings
Withdrawn status Lost status Source of classification or shelving scheme Damaged status Not for loan Permanent Location Current Location Date acquired Total Checkouts Full call number Barcode Date last seen Price effective from Koha item type
          Central Library (CL) Central Library (CL) 05/16/2019   813/.5/4 GAR CL-E-2085 05/16/2019 05/16/2019 Book
© 2023 Central Library, National University of Sciences and Technology. All Rights Reserved.